World Leader Family Ties Quiz Stats

Quiz Updated Mar 6, 2017

Also try: Kid Presidents
Challenge
Share
Tweet
Embed
Score 0/20 Timer 05:00
0 Plays Today
% Correct
Malia, Sasha
94.7%
Chelsea
89.4%
George, Pauline, Jeb, Neil, Marvin, Dorothy
82.9%
Abigail, John Quincy, Susanna, Charles, Thomas
82%
Barbara, Jenna
78.1%
Caroline, John, Patrick
77.6%
Robert Todd, Edward Baker, William Wallace, Thomas (Tad)
59.8%
Maureen, Christine, Patti, Ron, Michael
57.5%
Patricia (Tricia), Julie
55.9%
John, James, Donnel, Amy
52.1%
% Correct
Lynda, Luci
49.6%
Mary, Robert, John, Letitia, Elizabeth, Anne, Alice, Tazewell, David, John Alexander, Julia, Lachlan, Lyon, Robert, Pearl
48.8%
Justin, Alexandre (Sasha), Michel, Sarah Elisabeth
41.3%
Michael, John, Steven, Susan
36.5%
Diana, Randolph, Sarah, Marigold, Mary
30.4%
Euan, Nicky, Kathryn, Leo
29.9%
Benjamin, Rachel
20.8%
Ivan Reginald Ian, Nancy Gwen, Florence Rose Endellion, Arthur Elwen
19.4%
John Alexander, Hugh John, Margaret Mary
18.6%
Melanie, Tim, Richard
15.5%

You're not logged in!

Compare scores with friends on all Sporcle quizzes.
Sign Up with Email
OR
Log In

You Might Also Like...

Show Comments

Extras

Top Quizzes Today


Score Distribution

Your Account Isn't Verified!

In order to create a playlist on Sporcle, you need to verify the email address you used during registration. Go to your Sporcle Settings to finish the process.